000 00647nam a2200217Ii 4500
003 JO-AjNU
008 230605s9999||||xx |||||||||||||| ||und||
017 _a2009/7/3053
040 _aJO-AjNU
_bara
_erda
_cJO-AjNU
041 _aara
050 1 4 _aCT31.2015
100 3 _aالكلالده، طاهر محمود,
_eauthor
_948264
245 0 0 _aموسوعة حدث في مثل هذا اليوم
250 _aط1
264 3 1 _aعمان: المؤلف، 2015
300 _a331ص
336 _atext
_btxt
_2rdacontent
337 _aunmediated
_bn
_2rdamedia
338 _avolume
_bnc
_2rdacarrier
650 4 _aاحداث وتواريخ
_948265
999 _aA21124
_c24692
_d24692